000 02887cam a22003618i 4500
999 _c3012
_d3012
006 m o d
007 cr |||||||||||
008 221028s2023 nyu ob 001 0 eng
020 _a9780429318856
_q(ebook)
020 _a0429318855
020 _a9781000841404
_q(electronic bk. : EPUB)
020 _a1000841405
_q(electronic bk. : EPUB)
020 _a9781000841299
_q(electronic bk. : PDF)
020 _a1000841294
_q(electronic bk. : PDF)
020 _q(hardback)
020 _q(paperback)
040 _aKO
_beng
040 _aKO
_beng
041 0 _aeng
082 0 0 _a629.1366
_223
245 0 0 _aAir traffic management :
_bprinciples, performances, markets /
_cedited by Marina Efthymiou.
250 _a1 Edition.
260 _aNew York :
_bTaylor & Francis,
_c2023
300 _a1 online resource
520 _a"This textbook is designed for undergraduate students studying airspace engineering, as well as undergraduate and postgraduate students studying air transport management. It will also be very helpful for the training of air traffic control officers. The textbook does not require any prior (specialist) knowledge as it is an introduction to the Air Navigation Service Providers (ANSPs) business. There is very little literature available that gives a detailed appreciation of the complexities, potential risks and issues associated with the provision of air navigation services. The role of this textbook is to fill this significant gap with a comprehensive, in-depth study of the management principles related to Air Navigation Service Providers. This is particularly timely given recent ATC developments in Europe, USA, and New Zealand. Airlines and airports rely on the Air Navigation Service Providers (ANSPs) for the management of air traffic. Hence, Air Navigation Services (ANS) provision is considered as a core element for air transportation. This textbook addresses each of the Air Navigation Services' five broad categories of services provided to air traffic during all phases of operation: Air Traffic Management (ATM), Communication services, Navigation services and Surveillance services (CNS), Meteorological services for air navigation (MET), Aeronautical Information Services (AIS) and Search and Rescue (SAR). This textbook is designed for undergraduate students studying airspace engineering and undergraduate and postgraduate students studying air transport management. It will also be very helpful for the training of air traffic control officers. The textbook does not require any prior (specialist) knowledge as it is an introduction book to the Air Navigation Service Providers (ANSPs) business"--
650 0 _aAir traffic control.
700 1 _aEfthymiou, Marina
_eedt
856 4 0 _uhttps://www.taylorfrancis.com/books/9780429318856
904 _aRUDRA_R
905 _aR_RANJAN
942 _cEB
_2ddc